Michelangelo (Record no. 44797)

MARC details
000 -Etiqueta do registo
Valores 00470nam a2200181 4500
100 ## - Dados gerais de processamento
Dados gerais 20250919 pory50
101 ## - Língua de publicação
Língua por
-- it
102 ## - País de publicação
País PT
200 ## - Titulo e menção de responsabilidade
Título próprio Michelangelo
Informação de outro título infinito
Primeira menção de responsabilidade realiz. Emanuele Imbucci
Outras menções de responsabilidade arg. Cosetta Lagani
210 ## - Publicação
Local de publicação Itália
Nome do editor Festa do Cinema Italiano .com
Data de publicação 2019
215 ## - Descrição física 
Paginação / Volumes 1 DVD
225 ## - Colecção 
Título próprio da colecção A grande Arte no Cinema
Indicação de volume 8
300 ## - Notas gerais 
Texto da nota M/12<br/>95 m.
675 ## - CDU
Notação 7
801 ## - Fonte de origem
País PT
Regras de catalogação RPC
990 ## - Elementos KOHA
Tipo de documento Filme DVD
Holdings
Aquisição Empréstimo Código de barras Cota Permissão de empréstimo Tipo de documento Nota relativa ao exemplar
Biblioteca Escolar Doutor Hernâni Cidade Biblioteca Escolar Doutor Hernâni Cidade 80947 DOC ART IMB   Filme DVD 484 Documentário sobre o artista italiano Michelangelo

Powered by Koha